Organizace účetních agend ve firmě

Saved in:
Bibliographic Details
Main Author: Landa, Martin
Format: Book
Language:Czech
Published: Praha Management Press 2005
Subjects:
Tags: Add Tag
No Tags, Be the first to tag this record!

MARC

LEADER 00000nam$a2200000$$$4500
001 0027789
005 20221129082841.7
020 |a 80-7261-123-2 
041 0 |a cze 
044 |a CZ 
245 1 0 |a Organizace účetních agend ve firmě  |c Martin Landa 
264 1 |a Praha  |b Management Press  |c 2005 
300 |a 163 s. 
610 2 0 |a účtovníctvo 
610 2 0 |a účtovníctvo vnútropodnikové 
610 2 0 |a účtovníctvo finančné 
610 2 0 |a účtovníctvo manažérske 
610 2 0 |a systémy účtovné 
610 2 0 |a postupy účtovné 
610 2 0 |a metódy účtovné 
610 2 0 |a dokumentácia účtovná 
610 2 0 |a reporting 
100 1 |a Landa, Martin